[Event "Reykjavik op"]
[Site "Reykjavik"]
[Date "2025.04.13"]
[Round "6"]
[White "Boleslav, Petr"]
[Black "Vogt, Lothar"]
[Result "1/2-1/2"]
[WhiteElo "1970"]
[BlackElo "2229"]
[PlyCount "42"]
[EventDate "2025.04.09"]
[EventType "swiss"]
[EventRounds "9"]
[EventCountry "ISL"]
[SourceTitle "CB17_2025"]
[SourceDate "2025.04.23"]
[SourceVersion "1"]
[SourceVersionDate "2025.04.23"]
[SourceQuality "1"]

1. e4 c5 2. Nf3 e6 3. d4 cxd4 4. Nxd4 Nc6 5. c4 Nf6 6. Nc3 d6 7. Be2 Be7 8. 0-0 0-0 9. Be3 Bd7 10. Rc1 a6 11. f3 Qb8 12. Qd2 Rd8 13. Rfd1 Be8 14. Nc2 b6 15. Bf1 Qb7 16. Qf2 Rab8 17. Rd2 Ne5 18. Nd4 Rbc8 19. b3 d5 20. exd5 exd5 21. Nf5 dxc4 1/2-1/2

[Event "Reykjavik op"]
[Site "Reykjavik"]
[Date "2025.04.13"]
[Round "7"]
[White "Jaksland, Tim"]
[Black "Boleslav, Petr"]
[Result "1/2-1/2"]
[WhiteElo "2140"]
[BlackElo "1970"]
[PlyCount "48"]
[EventDate "2025.04.09"]
[EventType "swiss"]
[EventRounds "9"]
[EventCountry "ISL"]
[SourceTitle "CB17_2025"]
[SourceDate "2025.04.23"]
[SourceVersion "1"]
[SourceVersionDate "2025.04.23"]
[SourceQuality "1"]

1. e4 e5 2. Nf3 Nc6 3. Bc4 Bc5 4. c3 Nf6 5. d3 d6 6. b4 Bb6 7. a4 a5 8. b5 Ne7 9. 0-0 0-0 10. Nbd2 Ng6 11. Re1 Re8 12. d4 Bg4 13. Qb3 Qd7 14. Bb2 Nf4 15. Bf1 Bxf3 16. Nxf3 exd4 17. e5 Qg4 18. exf6 Nh3+ 19. Kh1 Nxf2+ 20. Kg1 dxc3 21. Bxc3 Ne4+ 22. Kh1 Nf2+ 23. Kg1 Nh3+ 24. Kh1 Nf2+ 1/2-1/2

[Event "Reykjavik op"]
[Site "Reykjavik"]
[Date "2025.04.10"]
[Round "2"]
[White "Boleslav, Petr"]
[Black "Holcomb, David D"]
[Result "1-0"]
[WhiteElo "1970"]
[BlackElo "1674"]
[PlyCount "39"]
[EventDate "2025.04.09"]
[EventType "swiss"]
[EventRounds "9"]
[EventCountry "ISL"]
[SourceTitle "CB17_2025"]
[SourceDate "2025.04.23"]
[SourceVersion "1"]
[SourceVersionDate "2025.04.23"]
[SourceQuality "1"]

1. e4 e6 2. d4 d5 3. e5 c5 4. c3 Nc6 5. Nf3 Bd7 6. Bd3 f6 7. 0-0 Qc7 8. Re1 0-0-0 9. Na3 c4 10. Bf1 fxe5 11. dxe5 Bxa3 12. bxa3 h6 13. a4 Nge7 14. Ba3 Rde8 15. Rb1 a6 16. Qc2 Na7 17. Be2 Qa5 18. Bd1 b5 19. Bb4 Qxa4 20. Qb2 1-0

[Event "Liberec Region-chT 2223"]
[Site "Czech Republic"]
[Date "2023.02.26"]
[Round "9.4"]
[White "Boleslav, Petr"]
[Black "Pietryk, Joanna"]
[Result "1-0"]
[WhiteElo "1946"]
[BlackElo "1477"]
[PlyCount "111"]
[EventDate "2022.10.09"]
[EventType "team-tourn"]
[EventRounds "11"]
[EventCountry "CZE"]
[SourceTitle "EXT 2024"]
[Source "ChessBase"]
[SourceDate "2023.10.10"]
[SourceVersion "1"]
[SourceVersionDate "2023.10.10"]
[SourceQuality "1"]

1. e4 c6 2. d4 d5 3. exd5 cxd5 4. Bd3 e6 5. Bf4 Qb6 6. Nf3 Nf6 7. 0-0 Be7 8. Nc3 Bd7 9. a4 a5 10. Nb5 Bxb5 11. Bxb5+ Nc6 12. c3 0-0 13. Qe2 Na7 14. Bd3 Nc8 15. Ne5 Nd6 16. g4 Rad8 17. h4 Nd7 18. Nf3 Rc8 19. g5 Nc4 20. Rab1 Bd6 21. Bxd6 Qxd6 22. b3 Ncb6 23. Rbc1 Qf4 24. Rfe1 Rfe8 25. Qe3 Qxe3 26. Rxe3 g6 27. Bb5 Rc7 28. Kf1 Rec8 29. Ke1 Kg7 30. Kd2 h6 31. Rh1 Rh8 32. Ree1 Rhc8 33. Rc1 h5 34. Rhe1 Nb8 35. Ne5 N6d7 36. f4 Nxe5 37. fxe5 Nc6 38. Bf1 Ne7 39. Bd3 Nc6 40. Rc2 Kg8 41. Rb1 Kf8 42. Ke3 Ke8 43. Bb5 Ke7 44. Bxc6 Rxc6 45. Kd3 Rb6 46. b4 Rc4 47. b5 Ke8 48. Ra1 Kf8 49. Rf2 Kg8 50. Rf6 Kg7 51. Kc2 Kg8 52. Kb3 Kg7 53. Raf1 Rc7 54. c4 dxc4+ 55. Kc3 Kg8 56. d5 1-0

[Event "Pardubice Czech op-E 32nd"]
[Site "Pardubice"]
[Date "2021.07.15"]
[Round "1.2"]
[White "Boleslav, Petr"]
[Black "Vykouk, Jan"]
[Result "0-1"]
[WhiteElo "2004"]
[BlackElo "2442"]
[PlyCount "62"]
[EventDate "2021.07.15"]
[EventType "team-swiss"]
[EventRounds "7"]
[EventCountry "CZE"]
[SourceTitle "CBM 203 Extra"]
[Source "ChessBase"]
[SourceDate "2021.09.30"]
[SourceVersion "1"]
[SourceVersionDate "2021.09.30"]
[SourceQuality "1"]
[WhiteTeam "Hotel Don Giovanni"]
[BlackTeam "Turnov Zikuda"]
[WhiteTeamCountry "CZE"]
[BlackTeamCountry "CZE"]

1. e4 c5 2. Nf3 d6 3. Nc3 Nf6 4. d4 cxd4 5. Qxd4 Nc6 6. Qd2 g6 7. Bc4 Bg7 8. 0-0 0-0 9. h3 a6 10. a4 Bd7 11. Qe2 Rc8 12. Bf4 Qb6 13. Rab1 Nd4 14. Nxd4 Qxd4 15. Bd5 Qb4 16. Rfd1 Rfe8 17. Qe3 Bxa4 18. Nxa4 Nxd5 19. exd5 Qxa4 20. b3 Qa2 21. c4 b5 22. cxb5 axb5 23. Rbc1 Bf6 24. Qd3 b4 25. Bd2 Bc3 26. Bxc3 Qxb3 27. Qd4 bxc3 28. Rd3 Rc4 29. Qe3 Qb7 30. Qe1 c2 31. Qd2 Qb2 0-1

[Event "Klatovy op 21st"]
[Site "Klatovy"]
[Date "2015.06.30"]
[Round "4"]
[White "Boleslav, Petr"]
[Black "Jurek, Josef"]
[Result "0-1"]
[WhiteElo "2054"]
[BlackElo "2292"]
[PlyCount "50"]
[EventDate "2015.06.27"]
[EventType "swiss"]
[EventRounds "9"]
[EventCountry "CZE"]
[SourceTitle "EXT 2016"]
[Source "ChessBase"]
[SourceDate "2015.10.08"]
[SourceVersion "1"]
[SourceVersionDate "2015.10.08"]
[SourceQuality "1"]

1. e4 c5 2. b3 b6 3. Bb2 Bb7 4. Nc3 e6 5. Qe2 a6 6. Nf3 Nc6 7. Qe3 d6 8. Bd3 Nf6 9. Qg5 Be7 10. Qxg7 Rg8 11. Qh6 Rxg2 12. Ne2 Rg6 13. Qh3 e5 14. Ng3 Qd7 15. Nf5 0-0-0 16. Bc4 Nxe4 17. Bd5 Ng5 18. Nxg5 Bxg5 19. Bg2 Kc7 20. Ne3 Bxe3 21. fxe3 Qxh3 22. Bxh3 Nb4 23. Rf1 Nxc2+ 24. Ke2 Nxa1 25. Rxf7+ Kb8 0-1

[Event "CZE-chT1W 1213"]
[Site "Czech Republic"]
[Date "2013.03.17"]
[Round "9.8"]
[White "Boleslav, Petr"]
[Black "Cesal, Jaroslav"]
[Result "0-1"]
[WhiteElo "2076"]
[BlackElo "2199"]
[PlyCount "69"]
[EventDate "2012.10.28"]
[EventType "team-tourn"]
[EventRounds "11"]
[EventCountry "CZE"]
[SourceTitle "EXT 2014"]
[Source "ChessBase"]
[SourceDate "2013.11.20"]
[SourceVersion "1"]
[SourceVersionDate "2013.11.20"]
[SourceQuality "1"]
[WhiteTeam "Novoborsky II"]
[BlackTeam "Praha Holdia II"]
[WhiteTeamCountry "CZE"]
[BlackTeamCountry "CZE"]

1. e4 g6 2. d4 Bg7 3. Nf3 d6 4. Be2 Nf6 5. Nc3 0-0 6. 0-0 Bg4 7. h3 Bxf3 8. Bxf3 Nc6 9. Be3 Re8 10. Ne2 e5 11. d5 Nd4 12. Nxd4 exd4 13. Bxd4 Nxe4 14. Bxg7 Kxg7 15. Bxe4 Rxe4 16. Re1 Qe7 17. Qd2 Re8 18. Rxe4 Qxe4 19. Qc3+ Qe5 20. Qb3 b6 21. Rd1 a5 22. Qa3 Re7 23. b4 Qe2 24. Qc3+ Kg8 25. Rb1 axb4 26. Rxb4 Qd1+ 27. Kh2 Qxd5 28. a4 Qe5+ 29. Qg3 Qc5 30. c3 Re2 31. Rf4 Rc2 32. Rf3 Kg7 33. Qf4 Qe5 34. Kg3 Qxf4+ 35. Kxf4 0-1

[Event "CZE-chT2B 1112"]
[Site "Czech Republic"]
[Date "2012.01.22"]
[Round "6.4"]
[White "Krejcik, Jiri"]
[Black "Boleslav, Petr"]
[Result "1-0"]
[WhiteElo "2124"]
[BlackElo "2119"]
[PlyCount "57"]
[EventDate "2011.10.09"]
[EventType "team-tourn"]
[EventRounds "11"]
[EventCountry "CZE"]
[SourceTitle "EXT 2013"]
[Source "ChessBase"]
[SourceDate "2012.11.22"]
[SourceVersion "1"]
[SourceVersionDate "2012.11.22"]
[SourceQuality "1"]
[WhiteTeam "Karlovy Vary"]
[BlackTeam "Novoborsky"]
[WhiteTeamCountry "CZE"]
[BlackTeamCountry "CZE"]

1. e4 c5 2. Nf3 Nc6 3. d4 cxd4 4. Nxd4 Nf6 5. Nc3 e5 6. Ndb5 d6 7. Bg5 a6 8. Na3 b5 9. Bxf6 gxf6 10. Nd5 f5 11. c3 Bg7 12. exf5 Bxf5 13. Nc2 0-0 14. Nce3 Be6 15. Bd3 f5 16. 0-0 Rb8 17. Qh5 e4 18. Bc2 Ne5 19. Nf4 Bf7 20. Bb3 Nc4 21. Qe2 Qg5 22. Nh3 Qg6 23. Nxc4 bxc4 24. Bxc4 Be5 25. f4 exf3 26. Rxf3 Qg4 27. Bxf7+ Rxf7 28. Nf2 Qh5 29. Rg3+ 1-0

[Event "Prague Cez Trophy sim"]
[Site "Prague"]
[Date "2011.06.12"]
[Round "1"]
[White "Anand, Viswanathan"]
[Black "Boleslav, Petr"]
[Result "0-1"]
[WhiteElo "2817"]
[BlackElo "2127"]
[PlyCount "54"]
[EventDate "2011.06.12"]
[EventType "simul"]
[EventRounds "1"]
[EventCountry "CZE"]
[SourceTitle "EXT 2012"]
[Source "ChessBase"]
[SourceDate "2011.11.24"]
[SourceVersion "1"]
[SourceVersionDate "2011.11.24"]
[SourceQuality "1"]

1. c4 Nf6 2. Nc3 g6 3. g3 Bg7 4. Bg2 d6 5. Nf3 0-0 6. 0-0 a6 7. d4 Nc6 8. d5 Na5 9. b3 Rb8 10. Bb2 c5 11. dxc6 bxc6 12. Qd2 Bf5 13. Rac1 Re8 14. Nd4 Bd7 15. e4 c5 16. Nde2 Nc6 17. Nd5 e5 18. f4 Nxd5 19. cxd5 Nd4 20. Nxd4 exd4 21. Kh1 Qb6 22. Rce1 c4 23. Bc1 c3 24. Qc2 Bb5 25. Rf3 f5 26. e5 dxe5 27. fxe5 Bxe5 0-1

[Event "CZE-chT1W 1011"]
[Site "Czech Republic"]
[Date "2011.04.03"]
[Round "11.8"]
[White "Vorisek, Jaroslav"]
[Black "Boleslav, Petr"]
[Result "1-0"]
[WhiteElo "2233"]
[BlackElo "2126"]
[PlyCount "65"]
[EventDate "2010.10.10"]
[EventType "team-tourn"]
[EventRounds "11"]
[EventCountry "CZE"]
[SourceTitle "EXT 2012"]
[Source "ChessBase"]
[SourceDate "2011.11.24"]
[SourceVersion "1"]
[SourceVersionDate "2011.11.24"]
[SourceQuality "1"]
[WhiteTeam "Praha Bohemians"]
[BlackTeam "Novoborsky II"]
[WhiteTeamCountry "CZE"]
[BlackTeamCountry "CZE"]

1. d4 Nf6 2. c4 g6 3. g3 Bg7 4. Bg2 0-0 5. Nf3 d6 6. 0-0 Nc6 7. d5 Na5 8. Nfd2 c5 9. Qc2 Rb8 10. Nc3 a6 11. b3 b5 12. Bb2 bxc4 13. bxc4 Bh6 14. f4 e5 15. dxe6 Bxe6 16. Nd5 Bxd5 17. cxd5 Ng4 18. Bc3 Ne3 19. Qa4 Rb4 20. Bxb4 cxb4 21. Qxb4 Nc2 22. Qa4 Nxa1 23. Rxa1 Qb6+ 24. Kf1 Bg7 25. Rb1 Qe3 26. Nb3 Rb8 27. Qe4 Qxe4 28. Bxe4 Nc4 29. Rc1 Rb4 30. Kf2 a5 31. Bd3 Nb6 32. Nxa5 Ra4 33. Nb7 1-0

[Event "CZE-chT1W 1011"]
[Site "Czech Republic"]
[Date "2010.10.31"]
[Round "2.8"]
[White "Turner, Radek"]
[Black "Boleslav, Petr"]
[Result "0-1"]
[WhiteElo "2168"]
[BlackElo "2126"]
[PlyCount "104"]
[EventDate "2010.10.10"]
[EventType "team-tourn"]
[EventRounds "11"]
[EventCountry "CZE"]
[SourceTitle "EXT 2012"]
[Source "ChessBase"]
[SourceDate "2011.11.24"]
[SourceVersion "1"]
[SourceVersionDate "2011.11.24"]
[SourceQuality "1"]
[WhiteTeam "Kozolupy"]
[BlackTeam "Novoborsky II"]
[WhiteTeamCountry "CZE"]
[BlackTeamCountry "CZE"]

1. c4 Nf6 2. Nc3 e6 3. e4 d6 4. d4 Be7 5. Nf3 0-0 6. Be2 Nbd7 7. h3 c5 8. e5 Ne8 9. exd6 Nxd6 10. dxc5 Nxc5 11. 0-0 Qb6 12. Qc2 Bf6 13. Be3 Nf5 14. Bxc5 Qxc5 15. Ne4 Qe7 16. Bd3 Bd7 17. Nxf6+ Qxf6 18. Rac1 Bc6 19. Bxf5 exf5 20. Qc3 Qxc3 21. Rxc3 Rad8 22. Ne5 Rfe8 23. Nxc6 bxc6 24. Rc2 g6 25. Rfc1 Rd4 26. Kf1 Kf8 27. Re1 Re6 28. b3 Ke7 29. f3 a5 30. Kf2 Kd6 31. Rb1 f4 32. b4 axb4 33. Rxb4 Kc5 34. Ra4 Red6 35. Ke2 Re6+ 36. Kf2 Re7 37. a3 Red7 38. Ke2 Re7+ 39. Kf2 Rd1 40. g3 fxg3+ 41. Kxg3 Rd3 42. Ra5+ Kd4 43. c5 Ree3 44. Ra4+ Ke5 45. Rf2 Rxa3 46. Rh4 h5 47. Rb4 Rac3 48. Rb7 Kf6 49. Rc7 Rxc5 50. Rd2 Rcc3 51. Rd6+ Ke5 52. Rdd7 Rxf3+ 0-1

[Event "Klatovy op"]
[Site "Klatovy"]
[Date "2010.07.06"]
[Round "4"]
[White "Boleslav, Petr"]
[Black "Neuman, Petr"]
[Result "0-1"]
[WhiteElo "2096"]
[BlackElo "2439"]
[PlyCount "74"]
[EventDate "2010.07.03"]
[EventType "swiss"]
[EventRounds "9"]
[EventCountry "CZE"]
[SourceTitle "CBM 137 Extra"]
[Source "ChessBase"]
[SourceDate "2010.09.01"]
[SourceVersion "1"]
[SourceVersionDate "2010.09.01"]
[SourceQuality "1"]

1. e4 c5 2. Nf3 d6 3. d4 cxd4 4. Nxd4 Nf6 5. Nc3 Nc6 6. Be2 e6 7. 0-0 Be7 8. Be3 0-0 9. Qd2 a6 10. Rfd1 Qc7 11. f3 Ne5 12. a4 b6 13. Nb3 Rb8 14. Qe1 Nc4 15. Bxc4 Qxc4 16. Qg3 Re8 17. Rd2 Qc7 18. Rad1 Nh5 19. Qf2 b5 20. axb5 axb5 21. g4 Nf6 22. Ra1 Bd7 23. Ne2 b4 24. g5 Nh5 25. Ng3 Nxg3 26. hxg3 e5 27. g4 Ra8 28. Rad1 Be6 29. Qh4 Ra6 30. Rh2 h6 31. Qe1 Rc6 32. Qd2 Rc8 33. Na1 d5 34. g6 dxe4 35. Bxh6 Rd6 36. Qc1 Rxd1+ 37. Qxd1 gxh6 0-1

[Event "CZE-chT1W 0910"]
[Site "Czech Republic"]
[Date "2010.03.21"]
[Round "10.8"]
[White "Doring, Robert"]
[Black "Boleslav, Petr"]
[Result "1/2-1/2"]
[WhiteElo "2199"]
[BlackElo "2096"]
[PlyCount "93"]
[EventDate "2009.10.11"]
[EventType "team-tourn"]
[EventRounds "11"]
[EventCountry "CZE"]
[SourceTitle "EXT 2011"]
[Source "ChessBase"]
[SourceDate "2010.11.26"]
[SourceVersion "1"]
[SourceVersionDate "2010.11.26"]
[SourceQuality "1"]
[WhiteTeam "Hradec Kralove"]
[BlackTeam "Novoborsky II"]
[WhiteTeamCountry "CZE"]
[BlackTeamCountry "CZE"]

1. e4 c5 2. c3 e6 3. d4 d5 4. exd5 Qxd5 5. Nf3 Nf6 6. Na3 a6 7. Nc4 Qd8 8. a4 Nc6 9. Be3 Nd5 10. Be2 cxd4 11. Bxd4 Nf4 12. 0-0 Be7 13. a5 Nxd4 14. Nxd4 Qd5 15. Ne3 Qg5 16. Bf3 0-0 17. Qc2 f5 18. Nc4 Ng6 19. Rfe1 Nh4 20. Qe2 Rf6 21. Qe3 Qxe3 22. Rxe3 Bc5 23. Be2 Bd7 24. Ne5 Rd8 25. Nxd7 Rxd7 26. Rd1 Bxd4 27. Rxd4 Rxd4 28. cxd4 f4 29. Rb3 Rf7 30. Bc4 Re7 31. Rb6 Nf5 32. Rxe6 Kf8 33. Rxe7 Kxe7 34. Bd5 Nxd4 35. Bxb7 Nb3 36. Bxa6 Nxa5 37. f3 Kd6 38. Kf2 Kc5 39. Bd3 h6 40. g3 g5 41. h4 Kb4 42. gxf4 gxf4 43. Kg2 Kb3 44. Bb5 Kb4 45. Be8 Nc4 46. Kh3 Ne5 47. Kg2 1/2-1/2

[Event "CZE-chT1W 0809"]
[Site "Czech Republic"]
[Date "2009.03.29"]
[Round "11.7"]
[White "Doring, Robert"]
[Black "Boleslav, Petr"]
[Result "1-0"]
[WhiteElo "2207"]
[BlackElo "2050"]
[PlyCount "51"]
[EventDate "2008.10.19"]
[EventType "tourn"]
[EventRounds "11"]
[EventCountry "CZE"]
[SourceTitle "EXT 2010"]
[Source "ChessBase"]
[SourceDate "2010.11.25"]
[SourceVersion "1"]
[SourceVersionDate "2010.11.25"]
[SourceQuality "1"]
[WhiteTeam "Hradec Kralove"]
[BlackTeam "Novoborsky II"]
[WhiteTeamCountry "CZE"]
[BlackTeamCountry "CZE"]

1. e4 c5 2. c3 e6 3. d4 d5 4. exd5 exd5 5. Be3 cxd4 6. Qxd4 Nf6 7. Nf3 Bd6 8. Bd3 0-0 9. 0-0 Bg4 10. Nbd2 Nbd7 11. Bg5 Re8 12. Rfe1 Qa5 13. Bh4 Rxe1+ 14. Nxe1 Be5 15. Nb3 Qc7 16. Bg3 Re8 17. Qxa7 Bxg3 18. hxg3 Nb6 19. Qa5 Ne4 20. Bxe4 dxe4 21. Nc2 Ra8 22. Qg5 Be6 23. Nc5 Bd5 24. b4 Bxa2 25. Nxe4 Bd5 26. Rxa8+ 1-0

[Event "CZE-chT1W 0809"]
[Site "Czech Republic"]
[Date "2009.03.01"]
[Round "9.8"]
[White "Krouzel, Jaroslav"]
[Black "Boleslav, Petr"]
[Result "0-1"]
[WhiteElo "2192"]
[BlackElo "2050"]
[PlyCount "60"]
[EventDate "2008.10.19"]
[EventType "tourn"]
[EventRounds "11"]
[EventCountry "CZE"]
[SourceTitle "EXT 2010"]
[Source "ChessBase"]
[SourceDate "2010.11.25"]
[SourceVersion "1"]
[SourceVersionDate "2010.11.25"]
[SourceQuality "1"]
[WhiteTeam "Praha Pankrac"]
[BlackTeam "Novoborsky II"]
[WhiteTeamCountry "CZE"]
[BlackTeamCountry "CZE"]

1. d4 Nf6 2. c4 c5 3. d5 b5 4. a4 b4 5. g3 e5 6. Bg2 d6 7. e4 g6 8. Ne2 Bg7 9. 0-0 0-0 10. f4 exf4 11. gxf4 Nh5 12. e5 Bg4 13. Be3 Nd7 14. e6 Nb6 15. Qc2 b3 16. Qc1 Bxe2 17. Re1 Nxc4 18. Rxe2 Nxe3 19. Rxe3 Bd4 20. Kh1 Qf6 21. Rxb3 Nxf4 22. Qf1 fxe6 23. dxe6 Qxe6 24. Bxa8 Qxb3 25. Ra3 Qxb2 26. Rf3 g5 27. Bd5+ Kg7 28. Na3 Nxd5 29. Rxf8 Nf4 30. Nc4 Qb7+ 0-1

[Event "Klatovy op-A"]
[Site "Klatovy"]
[Date "2007.07.05"]
[Round "6"]
[White "Hampel, Rudolf"]
[Black "Boleslav, Petr"]
[Result "0-1"]
[WhiteElo "1822"]
[BlackElo "2103"]
[PlyCount "68"]
[EventDate "2007.06.30"]
[EventType "swiss"]
[EventRounds "9"]
[EventCountry "CZE"]
[SourceTitle "CBM 119 Extra"]
[Source "ChessBase"]
[SourceDate "2007.09.04"]
[SourceVersion "1"]
[SourceVersionDate "2007.09.04"]
[SourceQuality "1"]

1. e4 c5 2. Nc3 Nc6 3. f4 e6 4. Bc4 g6 5. d3 Bg7 6. Nf3 Nge7 7. 0-0 0-0 8. Qe1 d5 9. Bb3 Nd4 10. Nxd4 cxd4 11. Ne2 dxe4 12. dxe4 b6 13. Ng3 Qc7 14. Bd2 a5 15. c3 a4 16. Bc2 a3 17. b3 dxc3 18. Be3 Ba6 19. Rf3 f5 20. Qf2 Rab8 21. Bd4 Bxd4 22. Qxd4 Rbc8 23. Rc1 e5 24. Qe3 exf4 25. Rxf4 Qe5 26. Rf2 f4 27. Qxb6 Rc6 28. Qb4 fxg3 29. Rxf8+ Kxf8 30. Qxa3 Qc5+ 31. Qxc5 gxh2+ 32. Kxh2 Rxc5 33. a4 Nc6 34. Rd1 Nb4 0-1

[Event "Klatovy op-A"]
[Site "Klatovy"]
[Date "2007.07.01"]
[Round "2"]
[White "Kubecka, David"]
[Black "Boleslav, Petr"]
[Result "1-0"]
[WhiteElo "2264"]
[BlackElo "2103"]
[PlyCount "55"]
[EventDate "2007.06.30"]
[EventType "swiss"]
[EventRounds "9"]
[EventCountry "CZE"]
[SourceTitle "CBM 119 Extra"]
[Source "ChessBase"]
[SourceDate "2007.09.04"]
[SourceVersion "1"]
[SourceVersionDate "2007.09.04"]
[SourceQuality "1"]

1. Nf3 d5 2. g3 g6 3. Bg2 Bg7 4. 0-0 e5 5. d3 Ne7 6. e4 0-0 7. Nbd2 c6 8. Qe2 Nd7 9. b3 d4 10. a4 b5 11. Ne1 g5 12. Ndf3 h6 13. h4 g4 14. Nh2 h5 15. f3 f5 16. exf5 Nxf5 17. fxg4 Nxg3 18. Rxf8+ Nxf8 19. Qf2 e4 20. Qxg3 e3 21. axb5 Ng6 22. gxh5 Nxh4 23. Bxc6 Nf5 24. Qg2 Qc7 25. Bb2 Qf4 26. Nhf3 Rb8 27. Rxa7 Ng3 28. Rxg7+ 1-0

[Event "Ricany op-A"]
[Site "Ricany"]
[Date "2006.09.01"]
[Round "9"]
[White "Buril, Petr"]
[Black "Boleslav, Petr"]
[Result "1/2-1/2"]
[WhiteElo "1976"]
[BlackElo "2044"]
[PlyCount "22"]
[EventDate "2006.08.24"]
[EventType "swiss"]
[EventRounds "9"]
[EventCountry "CZE"]
[SourceTitle "EXT 2007"]
[Source "ChessBase"]
[SourceDate "2006.11.23"]
[SourceVersion "1"]
[SourceVersionDate "2006.11.23"]
[SourceQuality "1"]

1. f4 d5 2. Nf3 Nf6 3. e3 g6 4. b3 Bg7 5. Bb2 0-0 6. c4 c6 7. d4 Bf5 8. Bd3 Bxd3 9. Qxd3 Nbd7 10. Nbd2 e6 11. 0-0 Qa5 1/2-1/2

[Event "Ricany op-A"]
[Site "Ricany"]
[Date "2006.08.31"]
[Round "8"]
[White "Boleslav, Petr"]
[Black "Kojetsky, Pavel"]
[Result "0-1"]
[WhiteElo "2044"]
[BlackElo "2168"]
[PlyCount "90"]
[EventDate "2006.08.24"]
[EventType "swiss"]
[EventRounds "9"]
[EventCountry "CZE"]
[SourceTitle "EXT 2007"]
[Source "ChessBase"]
[SourceDate "2006.11.23"]
[SourceVersion "1"]
[SourceVersionDate "2006.11.23"]
[SourceQuality "1"]

1. e4 e6 2. d4 d5 3. e5 c5 4. Nc3 a6 5. Nf3 Nc6 6. dxc5 Bxc5 7. Bd3 Nge7 8. 0-0 Ng6 9. Re1 Qc7 10. Qe2 Nd4 11. Nxd4 Bxd4 12. Bxg6 hxg6 13. Bf4 Bd7 14. a4 Rc8 15. Ra3 Qc4 16. Bd2 Rh5 17. Rb3 b5 18. axb5 axb5 19. Nxb5 Bxb5 20. Rxb5 Qxe2 21. Rxe2 Rxc2 22. Rb8+ Kd7 23. Rb7+ Kc6 24. Rxf7 Rxe5 25. Kf1 Rxb2 26. Rxe5 Bxe5 27. Bf4 Bd4 28. Be3 Bf6 29. Ke1 d4 30. Bd2 d3 31. f3 Bd4 32. Rf8 Rb1+ 33. Bc1 Rxc1+ 34. Kd2 Rg1 35. Kxd3 Bf6 36. Rc8+ Kd7 37. Rc2 Rh1 38. h3 g5 39. Re2 Kd6 40. Ke4 Rd1 41. Ke3 Kd5 42. Kf2 Be5 43. g3 Bd4+ 44. Kg2 Rg1+ 45. Kh2 Rb1 0-1

[Event "Klatovy op-A"]
[Site "Klatovy"]
[Date "2005.07.02"]
[Round "1"]
[White "Boleslav, Petr"]
[Black "Turner, Jan"]
[Result "0-1"]
[WhiteElo "1991"]
[BlackElo "2346"]
[PlyCount "42"]
[EventDate "2005.07.02"]
[EventType "swiss"]
[EventRounds "9"]
[EventCountry "CZE"]
[SourceTitle "CBM 107 Extra"]
[Source "ChessBase"]
[SourceDate "2005.09.01"]
[SourceVersion "1"]
[SourceVersionDate "2005.09.01"]
[SourceQuality "1"]

1. e4 e6 2. d4 d5 3. e5 c5 4. Nc3 Nc6 5. Nf3 a6 6. Be3 cxd4 7. Bxd4 Nge7 8. Bd3 Nxd4 9. Nxd4 Ng6 10. f4 Nxf4 11. 0-0 Nxd3 12. Qxd3 Bc5 13. Kh1 0-0 14. Rf3 f6 15. Raf1 fxe5 16. Rxf8+ Bxf8 17. Qf3 Qe8 18. Nxd5 exd5 19. Qxd5+ Kh8 20. Nf3 Be6 21. Qxb7 Qb5 0-1

[Event "Klatovy op-A"]
[Site "Klatovy"]
[Date "2004.07.11"]
[Round "9"]
[White "Boleslav, Petr"]
[Black "Polomis, Zdenek"]
[Result "1-0"]
[WhiteElo "1991"]
[BlackElo "2069"]
[PlyCount "79"]
[EventDate "2004.07.03"]
[EventType "swiss"]
[EventRounds "9"]
[EventCountry "CZE"]
[SourceTitle "CBM 101 Extra"]
[Source "ChessBase"]
[SourceDate "2004.09.01"]
[SourceVersion "2"]
[SourceVersionDate "2004.09.01"]
[SourceQuality "1"]

1. e4 g6 2. d4 Bg7 3. f4 d5 4. e5 e6 5. Nf3 Ne7 6. Bd3 Nd7 7. 0-0 a6 8. a4 b6 9. b4 Bb7 10. Ba3 Rc8 11. Qe2 0-0 12. Nbd2 Re8 13. Qf2 Nf5 14. g4 Nh6 15. h3 Bf8 16. Qe3 Kg7 17. Nb3 Be7 18. Bc1 Bxb4 19. f5 Ng8 20. f6+ Kh8 21. Ng5 Rf8 22. Nxh7 Kxh7 23. Qg5 Ndxf6 24. exf6 Nxf6 25. Rxf6 Qd7 26. Qh6+ Kg8 27. Bxg6 fxg6 28. Rxg6+ Kf7 29. Rg7+ Ke8 30. Rxd7 Kxd7 31. Qg7+ Kc6 32. Bd2 Bd6 33. Rf1 Rxf1+ 34. Kxf1 Rf8+ 35. Kg2 Bc8 36. Nc1 Bd7 37. Nd3 Be8 38. Bb4 Rf7 39. Ne5+ Bxe5 40. Qxe5 1-0

[Event "Klatovy op-A"]
[Site "Klatovy"]
[Date "2004.07.10"]
[Round "8"]
[White "Micka, Vladislav"]
[Black "Boleslav, Petr"]
[Result "1-0"]
[WhiteElo "1981"]
[BlackElo "1991"]
[PlyCount "49"]
[EventDate "2004.07.03"]
[EventType "swiss"]
[EventRounds "9"]
[EventCountry "CZE"]
[SourceTitle "CBM 101 Extra"]
[Source "ChessBase"]
[SourceDate "2004.09.01"]
[SourceVersion "2"]
[SourceVersionDate "2004.09.01"]
[SourceQuality "1"]

1. f4 e5 2. fxe5 d6 3. exd6 Bxd6 4. Nf3 g5 5. d4 g4 6. Ng5 f6 7. Ne4 Nc6 8. c3 Bf5 9. Nxd6+ Qxd6 10. e4 Bxe4 11. Qxg4 Qe7 12. Be2 h5 13. Qh3 f5 14. 0-0 0-0-0 15. Nd2 Bxg2 16. Qxg2 Nf6 17. Qf2 Rdg8+ 18. Kh1 Ng4 19. Bxg4 hxg4 20. Re1 g3 21. Qxf5+ Kb8 22. Rxe7 Nxe7 23. Qe5 Rxh2+ 24. Kg1 Nc6 25. Qxg3 1-0

[Event "Klatovy op-A"]
[Site "Klatovy"]
[Date "2004.07.09"]
[Round "7"]
[White "Boleslav, Petr"]
[Black "Hacaperkova, Lenka"]
[Result "1/2-1/2"]
[WhiteElo "1991"]
[BlackElo "1967"]
[PlyCount "49"]
[EventDate "2004.07.03"]
[EventType "swiss"]
[EventRounds "9"]
[EventCountry "CZE"]
[SourceTitle "CBM 101 Extra"]
[Source "ChessBase"]
[SourceDate "2004.09.01"]
[SourceVersion "2"]
[SourceVersionDate "2004.09.01"]
[SourceQuality "1"]

1. e4 e5 2. Nf3 Nc6 3. d4 exd4 4. Nxd4 Bc5 5. Nb3 Bb6 6. a4 a6 7. Nc3 d6 8. Nd5 Ba7 9. Bd3 Be6 10. Qe2 Qd7 11. Be3 Nf6 12. Bxa7 Nxa7 13. Nxf6+ gxf6 14. Nd4 Nc6 15. Nxc6 Qxc6 16. Ra3 Ke7 17. f4 Qb6 18. c3 Bg4 19. Qf2 Qxf2+ 20. Kxf2 Bd7 21. b4 h5 22. c4 a5 23. b5 b6 24. Re1 Rae8 25. Bf1 1/2-1/2